Psicología del desarrollo : (Registro nro. 11268)

Detalles MARC
000 -LEADER
fixed length control field 01380nam a2200325 4500
001 - CONTROL NUMBER
control field 0000022831
003 - CONTROL NUMBER IDENTIFIER
control field CO-CtgCURN
005 - DATE AND TIME OF LATEST TRANSACTION
control field 20250410175424.0
007 - PHYSICAL DESCRIPTION FIXED FIELD--GENERAL INFORMATION
fixed length control field ta
008 - FIXED-LENGTH DATA ELEMENTS--GENERAL INFORMATION
fixed length control field 160627s2006 000 0 eng d
020 ## - INTERNATIONAL STANDARD BOOK NUMBER
International Standard Book Number 9875910236
040 ## - CATALOGING SOURCE
Original cataloging agency CO-CtgCURN
Language of cataloging spa
Transcribing agency coctgcurn
082 0# - DEWEY DECIMAL CLASSIFICATION NUMBER
Classification number 155.6
Item number C812pa
100 1# - MAIN ENTRY--PERSONAL NAME
Personal name Cornachione Larrinaga, María A.
245 10 - TITLE STATEMENT
Title Psicología del desarrollo :
Remainder of title adultez aspectos biológicos, psicológicos y sociales /
Statement of responsibility, etc. María A. Cornachione Larrinaga.
260 ## - PUBLICATION, DISTRIBUTION, ETC.
Place of publication, distribution, etc. Cordoba :
Name of publisher, distributor, etc. Editorial Brujas,
Date of publication, distribution, etc. 2006.
300 ## - PHYSICAL DESCRIPTION
Extent 294 p.
336 ## - CONTENT TYPE
Source rdacontent
337 ## - MEDIA TYPE
Source rdamedia
Media type term sin mediacion
Media type code n
338 ## - CARRIER TYPE
Source rdacarrier
Carrier type term volumen
Carrier type code nc
490 1# - SERIES STATEMENT
Series statement Psicología del desarrollo
500 ## - GENERAL NOTE
General note Incluye indice.
504 ## - BIBLIOGRAPHY, ETC. NOTE
Bibliography, etc. note Bibliografia(p.275 -287)
505 8# - FORMATTED CONTENTS NOTE
Formatted contents note La adultez: ·Que es?.--·Que se plantea la Psicología del Desarrollo de las persona Adulta?.--Desarrollo adulto: aportes de distintas teorias.--Desarrollo Psicosocial.--Desarrollo adulto y personalidad.--Desarrollo cognitivo en la adultez.--Trabajo, productividad y relaciones interpersonales.--Cambios biologicos
650 14 - SUBJECT ADDED ENTRY--TOPICAL TERM
Topical term or geographic name entry element Psicología individual.
908 ## - PUT COMMAND PARAMETER (RLIN)
Put command parameter 160627
942 ## - ADDED ENTRY ELEMENTS (KOHA)
Koha item type Libros
Classification part 155.6
Item part C812pa
Source of classification or shelving scheme Dewey Decimal Classification
Suppress in OPAC No
Existencias
Withdrawn status Lost status Source of classification or shelving scheme Damaged status Not for loan Collection Home library Current library Shelving location Date acquired Inventory number Total checkouts Full call number Barcode Date last seen Copy number Price effective from Koha item type Public note
    Dewey Decimal Classification     General Miguel Henríquez Castañeda Miguel Henríquez Castañeda General 03/29/2025 012158   155.6 C812pa 012158 03/29/2025 ej.1 03/29/2025 Libros 150-PSICOL
    Dewey Decimal Classification     General Miguel Henríquez Emiliani Miguel Henríquez Emiliani General 03/29/2025 012159   155.6 C812pa 012159 03/29/2025 ej.2 03/29/2025 Libros 150-PSICOL